00255nam a2200109Ia 4500100001600000654001400016245004200030260004300072082001000115300000800125546001200133 aLevinson/l  aMechanics aFundamentals of Engineering Mechanics bForeign Language PublicationaMoscow a620.1 a331 aENGLISH